طوفان موحبّت / (Record no. 108193)

MARC details
000 -LEADER
fixed length control field 00769nam a22002537a 4500
005 - DATE AND TIME OF LATEST TRANSACTION
control field 20170123162336.0
010 ## - LIBRARY OF CONGRESS CONTROL NUMBER
LC control number 147991
020 ## - INTERNATIONAL STANDARD BOOK NUMBER
Terms of availability 00.00
035 ## - SYSTEM CONTROL NUMBER
System control number 147991
037 ## - SOURCE OF ACQUISITION
Source of stock number/acquisition Cen Lib/Ret
040 ## - CATALOGING SOURCE
Original cataloging agency DPL
Language of cataloging UR
082 ## - DEWEY DECIMAL CLASSIFICATION NUMBER
Classification number 841
Item number ہ و ش
100 ## - MAIN ENTRY--PERSONAL NAME
Personal name ہوش بلگرامی
9 (RLIN) 108592
245 ## - TITLE STATEMENT
Title طوفان موحبّت /
Statement of responsibility, etc ہوش بلگرامی
246 ## - VARYING FORM OF TITLE
Title proper/short title Tofan-e-mohabbat /
Remainder of title by Hosh Balrampuri
260 ## - PUBLICATION, DISTRIBUTION, ETC. (IMPRINT)
Place of publication, distribution, etc ہوشیارگنج
Name of publisher, distributor, etc المخاطب نواب
Date of publication, distribution, etc 1944
270 ## - ADDRESS
City ہوشیارگنج
300 ## - PHYSICAL DESCRIPTION
Extent 233p.
Dimensions 21cm(Hb)
650 ## - SUBJECT ADDED ENTRY--TOPICAL TERM
Topical term or geographic name as entry element ادب - اردو
9 (RLIN) 124589
650 ## - SUBJECT ADDED ENTRY--TOPICAL TERM
Topical term or geographic name as entry element اردو نظم.
9 (RLIN) 124590
650 ## - SUBJECT ADDED ENTRY--TOPICAL TERM
Topical term or geographic name as entry element Literature -- Urdu
9 (RLIN) 124591
650 ## - SUBJECT ADDED ENTRY--TOPICAL TERM
Topical term or geographic name as entry element Urdu Poem
9 (RLIN) 124592
942 ## - ADDED ENTRY ELEMENTS (KOHA)
Source of classification or shelving scheme Dewey Decimal Classification
Koha item type Urdu Bks
Classification part 841.08
Call number suffix م خ د
Holdings
Withdrawn status Lost status Damaged status Not for loan Home library Current library Date acquired Source of acquisition Cost, normal purchase price Total Checkouts Full call number Barcode Date last seen Copy number Cost, replacement price Price effective from Koha item type
        Central Library Central Library 15/01/2016 Cen Lib/Ret 0.00   841 ہ و ش 147991 15/01/2016 1 0.00 15/01/2016 Urdu Bks

© Delhi Public Library
Hit Counter
free hit counter